000 00377pab a2200145 454500
008 180718b1989 xxu||||| |||| 00| 0 eng d
100 _aRamaiah, L.S.
245 _aInformation and documentation work vis - a - vis the humanities in India
260 _c1989
300 _a5-8
362 _aJan.
650 _aDocumentation - India
773 _aUniversity News
909 _a7372
999 _c7372
_d7372